[Event "Niedersachsen-chT U14"]
[Site "Verden an der Aller"]
[Date "2008.05.04"]
[Round "7.3"]
[White "Pfeiffer, Cynthia"]
[Black "Meyjohann, Patrick"]
[Result "1/2-1/2"]
[WhiteElo "687"]
[BlackElo "852"]
[PlyCount "47"]
[EventDate "2008.05.01"]
[EventType "team"]
[EventRounds "7"]
[EventCountry "GER"]
[SourceTitle "EXT 2009"]
[Source "ChessBase"]
[SourceDate "2008.11.26"]
[SourceVersion "1"]
[SourceVersionDate "2008.11.26"]
[SourceQuality "1"]

1. e4 e5 2. Nf3 Nc6 3. Bc4 Bc5 4. c3 d6 5. d4 exd4 6. cxd4 Bb4+ 7. Kf1 Nf6 8. d5 Na5 9. Qa4+ Bd7 10. Qxb4 b6 11. Bd3 0-0 12. Qe1 Bg4 13. Qe3 c6 14. dxc6 Nxc6 15. Nc3 Re8 16. Qf4 Bxf3 17. Qxf3 Qd7 18. Bd2 Re6 19. Nd5 Nxd5 20. exd5 Rf6 21. Qg3 Ne5 22. Re1 Re8 23. Re3 Qa4 24. Re1 1/2-1/2